| 000 | 00383nam a2200145Ia 4500 | ||
|---|---|---|---|
| 005 | 20251222151315.0 | ||
| 008 | 251222s9999||||xx |||||||||||||| ||spa|| | ||
| 020 | _a9701509479 | ||
| 082 | _a519.501/L65/2004 | ||
| 100 | _aLind, Douglas A. | ||
| 245 | 0 | _aEstadística para Administración y Economía | |
| 250 | _a11a.ed. | ||
| 264 | _bAlfaomega Grupo Editor, S.A. | ||
| 942 | _cLIB | ||
| 999 |
_c23511 _d23511 |
||